000 00441pab a2200169 454500
008 180718b2012 xxu||||| |||| 00| 0 eng d
100 _aHussain, Shamshad
245 _aLearning without borders: A review of distance education in India
260 _c2012
300 _ap.1-5.
362 _a25 June
650 _aDistance education - India
650 _aDistance education
773 _aUniversity News
908 _aN
909 _a96804
999 _c96804
_d96804